000
00292nam a2200121Ia 4500
008
190802s9999 xx 000 0 und d
020
_a
978-1-847-94624-9
100
_a
Charles Duhigg
245
4
_a
The Power of Habit
260
_a
UK
_b
Random House Books
_c
2013
300
_a
371:p
942
_c
BK
999
_c
2398
_d
2398